00291nam a22001217a 4500003000500000005001700005008004100022040000600063082001700069100002900086245002700115650002700142CEME20210628202244.0210301b xxu||||| |||| 00| 0 eng d c. a891.4393 TAR aTarar, Mustansar Hussian aSeyah ankh may tasveer aSEYAH ANKH MAY TASVEER